Państwa europejskie z jedną granicą - Statystyki

Ogólne statystyki
  • Ten quiz został rozwiązany 28 razy
  • Średni wynik to 6 z 7
Statystyki odpowiedzi
Państwo % Poprawnych
Portugalia
92%
Irlandia
88%
Dania
85%
Watykan
85%
Wielka Brytania
85%
San Marino
81%
Monako
73%
Nie znaleziono quizów pasujących do podanych kryteriów
Rozkład punktacji
Procent ludzi z każdym wynikiem
Percentyl według liczby udzielonych odpowiedzi
Twoja historia wyników
Nie rozwiązałeś tego quizu